000 00594nam a2200205Ia 4500
005 20250508161955.0
008 008 250505s9999 xx 000 0 eng d
020 _a0-674-63475-6
037 _aTextual
040 _aFEDL
_beng
_cFEDL
041 _aeng
_2eng
084 _a370.1, BRU
_qFEDL
100 _aBruner Jerome S.
245 0 _aOn knowing essays for the left hand
260 _aCambridge
_bThe Belknap Press of Harvard University Press
_c1979
300 _axii,189p.
650 _aEducation-Philosophy
942 _cTEXL
_h370.1, BRU
999 _c1373600
_d1373600